Statistics for Vlajky zemí začínající na L

Click here to take the quiz!

General Stats

  • This quiz has been taken 25 times
  • The average score is 8 of 9

Answer Stats

Answer% Correct
Laos
100%
Libanon
100%
Lichtenštejnsko
94%
Lotyšsko
94%
Lucembursko
94%
Litva
88%
Lesotho
76%
Libérie
71%
Libye
71%

Score Distribution

Percentile by Number Answered

Percent of People with Each Score

Your Score History

You have not taken this quiz